000 00904 a2200313 4500
003 Nust
005 20170207154049.0
020 _a0-415-04671-8 (inb.)
020 _a0-415-04672-6 (hft.)
020 _a978-0-415-04672-5 (pbk)
040 _cNust
082 _a302.2
100 1 _aFiske, John
245 1 0 _aIntroduction to communication studies(E-BOOK)
_cJohn Fiske
250 _a2. ed.
260 _aLondon :
_bRoutledge,
_c1990
300 _axvi, 203 s. :
_bill., tab.
440 0 _aStudies in communication,
500 _aReprinted 1991 (twice), 1992, 1993, 1994, 1996, 1997, 1998 (twice), 2000, 2002, 2002, 2003, 2004, 2006 (twice)
650 7 _aCommunication
650 7 _aCommunication
650 7 _aCommunication studies
650 7 _aKommunikation
650 7 _aKommunikation
650 7 _aKommunikation
650 7 _aKommunikationsvetenskap
650 7 _aman
651 _aE-BOOK
942 _2ddc
_cBK
999 _c193025
_d193025